000 00608nam a2200181 a 4500
001 000045663
005 20201002052356.0
008 150422s2004 xxuac 000 0 spa d
040 _aDO-SdBNP
_bspa
_cBNPHU
082 _axxxx
_bxxxx
100 1 _aGarcía Rodríguez, José María
_928226
245 1 0 _aPoema de la solidaridad castellana /
_cJosé María García Rodríguez.
260 _aSanto Domingo :
_bCorripio,
_c[s.f.].
300 _a114 p. :
_bil. ;
_c23 cm.
490 1 _aEncuentro APUE
_v1
500 _aPerteneció a la biblioteca personal de Erick Landestoy.
830 0 _aEncuentro APUE ;
_n1
_973724
999 _c45152
_d45152